000 00455nab a2200145Ia 4500
003 ES-SlBCS
005 20210601134742.0
008 140529s2007 xxu||||| |||| 00| 0 spa d
041 _aspa
100 1 _aBalaban, Oded
_957378
245 0 0 _aUna crítica del problema mente-cuerpo en la tradición analítica
_c Oded Balaban
650 0 4 _aMente Cuerpo
_9131505
773 0 _tAnuario Filosofico
_gvol. 40/3, nº. 90, 2007, págs. 647-672
_wRev41
942 _cAR
999 _c617301
_d617301